| 000 | 00679nam a2200241 i 4500 | ||
|---|---|---|---|
| 001 | bg | ||
| 100 | 1 | _aWRIGHT, Charles | |
| 245 | 1 | 0 |
_aC# : _bporady i metody / _cCharles Wright ; [tł. Bartosz Walter]. |
| 260 |
_aPoznań : _b"Nakom", _c2002. |
||
| 300 |
_a588 s. ; _c24 cm. |
||
| 504 | _aIndeks. | ||
| 650 | 9 | _aC# (język programowania) | |
| 655 | _aPodręczniki | ||
| 700 | 1 |
_aWALTER, Bartosz. _eTł. |
|
| 020 | _a838696975X | ||
| 040 | _cBPK | ||
| 041 | 1 |
_apol _heng |
|
| 080 | _a004.438(07) | ||
| 920 | _a83-86969-75-X | ||
| 942 | _cKS | ||
| 008 | s pl f |000 0 pol | ||
| 999 |
_c43361 _d43361 |
||
| 856 |
_uhttp://koha.tu.koszalin.pl/cgi-bin/koha/opac-detail.pl?biblionumber=43361 _yKatalog online BPK |
||